North American Minor League Teams 1973-74 - Statistics

General Stats
  • This quiz has been taken 9 times
  • The average score is 46 of 68
Answer Stats
Hint Affiliate Answer % Correct
Maryland AHL: Detroit Red Wings Baltimore Clippers
100%
Massachusetts ASL: Independent Boston Astros
100%
Massachusetts AHL: Boston Bruins Boston Braves
100%
Massachusetts NAHL: Independent Cape Cod Cubs
100%
Colorado AAA: Houston Astros Denver Bears
100%
Pennsylvania AHL: Pittsburgh Penguins Hershey Bears
100%
Indiana AAA: Cincinnati Reds Indianapolis Indians
100%
Pennsylvania NAHL: Winnipeg Jets Johnstown Jets
100%
New York NAHL: Chicago Cougars Long Island Cougars
100%
Nebraska AAA: Kansas City Royals Omaha Royals
100%
Rhode Island AAA: Boston Red Sox Pawtucket Red Sox
100%
Rhode Island AHL: New York Rangers Providence Reds
100%
Virginia AAA: Atlanta Braves Richmond Braves
100%
Utah AAA: California Angels Salt Lake City Angels
100%
Washington AAA: Texas Rangers Spokane Indians
100%
New York NAHL: Vancouver Blazers Syracuse Blazers
100%
Washington AAA: Minnesota Twins Tacoma Twins
100%
Virginia AAA: New York Mets Tidewater Tides
100%
New Mexico AAA: Los Angeles Dodgers Albuquerque Dukes
83%
West Virginia AAA: Pittsburgh Pirates Charleston Charlies
83%
Ohio AHL: Buffalo Sabres Cincinnati Swords
83%
Delaware ASL: Independent Delaware Wings
83%
Hawaii AAA: San Diego Padres Hawaii Islanders
83%
Florida AHL: Independent Jacksonville Barons
83%
Oklahoma AAA: Cleveland Indians Oklahoma City 89ers
83%
Arizona AAA: San Francisco Giants Phoenix Giants
83%
New York AAA: Baltimore Orioles Rochester Red Wings
83%
New York AAA: New York Yankees Syracuse Chiefs
83%
Ohio AAA: Detroit Tigers Toledo Mud Hens
83%
Arizona AAA: Oakland Athletics Tucson Toros
83%
Oklahoma AAA: St. Louis Cardinals Tulsa Oilers
83%
Virginia AHL: Detroit Red Wings Virginia Wings
83%
Pennsylvania EBA: Independent Wilkes-Barre Barons
83%
New York NAHL: Independent Broome Dusters
67%
Oregon AAA: Philadelphia Phillies Eugene Emeralds
67%
Indiana AAA: Milwaukee Brewers Evansville Triplets
67%
New Jersey EBA: Independent Hazleton Bullets
67%
Maine NAHL: Quebec Nordiques Maine Nordiques
67%
Connecticut AHL: Minnesota North Stars New Haven Nighthawks
67%
Nova Scotia AHL: Montreal Canadiens Nova Scotia Voyageurs
67%
Virginia SHL: Vancouver Blazers Roanoke Valley Rebels
67%
Massachusetts AHL: Los Angeles Kings Springfield Kings
67%
Florida SHL: Minnesota Fighting SaintsNew England Whalers Suncoast Suns
67%
New York ASL: Independent Syracuse Suns
67%
Ohio ASL: Independent Cleveland Stars
50%
Iowa AAA: Chicago White Sox Iowa Oaks
50%
New Jersey ASL: Independent New Jersey Brewers
50%
New York ASL: Independent New York Apollo
50%
New York AHL: Independent Rochester Americans
50%
Maryland ASL: Independent Baltimore Bays
33%
North Carolina SHL: Independent Charlotte Checkers
33%
Ohio ASL: Independent Cincinnati Comets
33%
Michigan ASL: Independent Detroit Mustangs
33%
New Jersey EBA: Independent East Orange Colonials
33%
Indiana ASL: Independent Gary Tigers
33%
North Carolina SHL: Los Angeles Sharks Greensboro Generals
33%
Connecticut EBA: Independent Hartford Capitols
33%
New York NAHL: Independent Mohawk Valley Comets
33%
Virginia AAA: Montreal Expos Peninsula Whips
33%
Pennsylvania ASL: Independent Philadelphia Spartans
33%
Virginia AHL: Philadelphia Flyers Richmond Robins
33%
Pennsylvania EBA: Independent Scranton Apollos
33%
Kansas AAA: Chicago Cubs Wichita Aeros
33%
North Carolina SHL: Edmonton Oilers Winston-Salem Polar Twins
33%
New Jersey EBA: Independent Cherry Hill Rookies
17%
Connecticut ASL: Independent Connecticut Wildcats
17%
New Jersey EBA: Independent Hamilton Pat Pavers
17%
Georgia SHL: Houston AerosCleveland Crusaders Macon Whoopees
17%
No matching quizzes found
Score Distribution
Percent of People with Each Score
Percentile by Number Answered
Your Score History
You have not taken this quiz